000 00626nam a2200205Ia 4500
003 GCL
008 140319s9999 xx 000 0 eng d
040 _aGCL /
_cGCL
082 0 4 _aCC
_b892.76
_bS G
100 1 _aSADIG AL- ALI, NADJE
245 1 0 _aGENDER WRITING\WRITING GENDER: THE REPRESENTATION OF WOMEN IN A SELECTION OF MODERM EGYPTIAN LITERATURE /
_cSADIG AL- ALI, NADJE
260 _a[S.N] :
_bTHE AMERICAN UNIVERSITY IN CAIRO PRESS ،
_c1994
300 _a127 P
650 0 4 _aLITERATURE
650 0 4 _aWOMEN
650 0 4 _aEGYPTIAN WOMEN
650 0 4 _aFICTION
650 0 4 _aEGYPT - LITERATURE
942 _2ddc
_cBK
999 _c12669
_d12669